Countries not recognizing Israel as an independent country - Statistics

General Stats
  • This quiz has been taken 273 times
  • The average score is 24 of 32
Answer Stats
Hint Answer % Correct
Asia Iran
91%
Asia Iraq
90%
Asia Pakistan
87%
Asia Afghanistan
86%
Asia Saudi Arabia
86%
Africa Algeria
85%
Asia Lebanon
84%
Asia Syria
84%
Asia Oman
83%
Asia Yemen
83%
Asia Qatar
81%
Africa Libya
80%
Africa Morocco
80%
Africa Sudan
80%
Asia United Arab Emirates
80%
Asia Bahrain
79%
Asia Indonesia
78%
Africa Somalia
77%
Africa Tunisia
76%
Asia Kuwait
75%
Africa Mali
73%
Caribbean Cuba
72%
Asia Bangladesh
69%
Africa Chad
69%
Asia Malaysia
69%
Africa Niger
69%
Africa Djibouti
59%
Asia Brunei
58%
Asia North Korea
55%
Africa Comoros
47%
Asia Bhutan
44%
Africa Guinea
29%
No matching quizzes found
Score Distribution
Percent of People with Each Score
Percentile by Number Answered
Your Score History
You have not taken this quiz